000
00248nam a2200097Ia 4500
008
120527s9999 xx 000 0 und d
100
_a
ANADU,D.I
245
_a
Fisheries and aqaculture development in Nigeria.
260
_b
Eagle & Palm.
942
_c
BK
999
_c
24120
_d
24120